Vzdelávanie zamestnancov
Ciele vzdelávania. Starostlivosť o vzdelávanie zamestnancov.
Na minha lista:
| Autor principal: | |
|---|---|
| Formato: | Capítulo de Livro |
| Idioma: | eslovaco |
| Assuntos: | |
| Tags: |
Sem tags, seja o primeiro a adicionar uma tag!
|
MARC
| LEADER | 00000naa a2200000 4500 | ||
|---|---|---|---|
| 001 | 0157051 | ||
| 005 | 20241121132305.9 | ||
| 041 | 0 | |a slo | |
| 044 | |a SK | ||
| 245 | 1 | 0 | |a Vzdelávanie zamestnancov |c Sandra Mrukviová Tomiová |
| 520 | |a Ciele vzdelávania. Starostlivosť o vzdelávanie zamestnancov. | ||
| 610 | 2 | 0 | |a vzdelávanie ďalšie |
| 610 | 2 | 0 | |a vzdelávanie zamestnancov |
| 610 | 2 | 0 | |a zamestnanci |
| 610 | 2 | 0 | |a rekvalifikácia |
| 100 | 1 | |a Mrukviová Tomiová, Sandra | |